00753nam a2200229Ia 4500008004100000041001200041082001200053100004900065245004000114260003400154300000800188365000800196520001200204546001200216630004000228650001200268655001200280730004000292942000900332999001900341952016300360101110s9999 xx 000 0 und d aENGLISH bSR32780 aBhole K.G., Shroff Adarsha & Ranade Abhay J. aA new course in physics vol.I SYBSc c2009bSheth Prakashan, Mumbai a226 b125 aPhysics aENGLISH aA new course in physics vol.I SYBSc aPhysics aPhysics aA new course in physics vol.I SYBSc cBOOK c825281d825278 00104070aDBJbDBJd0000-00-00ePratham book & Stationary, Mumbai, bill no.135, dt.16/10/09g125.00j0l0pDBJSR32780r2010-11-11 00:00:00w2010-11-11yBOOK